Review of Recent Crisis Programs.

This study concludes that recent Fund-supported programs in emerging market countries are delivering the kind of policy response and financing needed to cushion the blow from the worst global crisis since the 1930s. While the crisis has had a profound effect on output and employment, especially in t...

Полное описание

Библиографические подробности
Соавтор: International Monetary Fund
Формат: Журнал
Язык:English
Опубликовано: Washington, D.C. : International Monetary Fund, 2009.
Серии:Policy Papers; Policy Paper ; No. 2009/067
Online-ссылка:Full text available on IMF
LEADER 01797cas a2200241 a 4500
001 AALejournalIMF020079
008 230101c9999 xx r poo 0 0eng d
020 |c 5.00 USD 
020 |z 9781498335485 
022 |a 2663-3493 
040 |a BD-DhAAL  |c BD-DhAAL 
110 2 |a International Monetary Fund. 
245 1 0 |a Review of Recent Crisis Programs. 
264 1 |a Washington, D.C. :  |b International Monetary Fund,  |c 2009. 
300 |a 1 online resource (47 pages) 
490 1 |a Policy Papers 
500 |a <strong>Off-Campus Access:</strong> No User ID or Password Required 
500 |a <strong>On-Campus Access:</strong> No User ID or Password Required 
506 |a Electronic access restricted to authorized BRAC University faculty, staff and students 
520 3 |a This study concludes that recent Fund-supported programs in emerging market countries are delivering the kind of policy response and financing needed to cushion the blow from the worst global crisis since the 1930s. While the crisis has had a profound effect on output and employment, especially in those countries starting with large external vulnerabilities, many of the severe disruptions attending previous crises-currency overshooting and bank runs-have so far been avoided. Internalizing lessons from the past, programs have responded to country conditions and adapted to worsening economic circumstances to attenuate contractionary forces. As a result, signs of stabilization are emerging in program countries, though there remain challenges to secure sustained recovery in a number of countries. 
538 |a Mode of access: Internet 
830 0 |a Policy Papers; Policy Paper ;  |v No. 2009/067 
856 4 0 |z Full text available on IMF  |u http://elibrary.imf.org/view/journals/007/2009/067/007.2009.issue-067-en.xml  |z IMF e-Library